Statistics for Countries of the World Tile Select Quiz

Click here to take the quiz!

General Stats

  • This quiz has been taken 49 times
    (30 since last reset)
  • The average score is 56 of 80

Answer Stats

QuestionTileSelect% Correct
landlocked countries.DominicaNo
96%
landlocked countries.El SalvadorNo
96%
landlocked countries.BangladeshNo
93%
landlocked countries.BoliviaYes
93%
landlocked countries.ChadYes
93%
landlocked countries.KyrgyzstanYes
93%
countries bordering the Pacific Ocean.CanadaYes
89%
countries bordering the Pacific Ocean.IndiaNo
89%
landlocked countries.MaliYes
89%
countries bordering the Pacific Ocean.PeruYes
89%
countries bordering the Pacific Ocean.United StatesYes
89%
landlocked countries.UruguayNo
89%
countries bordering the Pacific Ocean.BoliviaNo
86%
countries bordering the Pacific Ocean.PanamaYes
86%
countries bordering the Pacific Ocean.BelizeNo
82%
landlocked countries.BurundiYes
82%
countries with a population over 150 million.Democratic Republic of the CongoNo
82%
landlocked countries.JordanNo
82%
landlocked countries.KazakhstanYes
82%
landlocked countries.SyriaNo
82%
countries with a population over 150 million.United StatesYes
82%
countries with a population over 150 million.VietnamNo
82%
countries bordering the Pacific Ocean.ArgentinaNo
79%
landlocked countries.Burkina FasoYes
79%
countries in the Southern Hemisphere.ChadNo
79%
countries with a population over 150 million.ChinaYes
79%
countries bordering the Pacific Ocean.GuatemalaYes
79%
countries with a population over 150 million.IndiaYes
79%
countries with a population over 150 million.IndonesiaYes
79%
landlocked countries.MoldovaYes
79%
countries in the Southern Hemisphere.MoroccoNo
79%
countries bordering the Pacific Ocean.SeychellesNo
79%
landlocked countries.SloveniaNo
79%
countries bordering the Pacific Ocean.TuvaluYes
79%
countries in the Southern Hemisphere.UruguayYes
79%
countries with a population over 150 million.BrazilYes
75%
countries with a population over 150 million.EgyptNo
75%
countries in the Southern Hemisphere.MozambiqueYes
75%
countries with 200+ languages spokenPakistanNo
75%
countries with a population over 150 million.BangladeshYes
71%
countries in the Southern Hemisphere.CameroonNo
71%
countries in the Southern Hemisphere.Central African RepublicNo
71%
landlocked countries.Democratic Republic of the CongoNo
71%
countries in the Southern Hemisphere.MalawiYes
71%
countries with a population over 150 million.NigeriaYes
71%
countries with a population over 150 million.PakistanYes
71%
countries with 200+ languages spokenPapua New GuineaYes
71%
countries with 200+ languages spokenPeruNo
71%
countries with a population over 150 million.PhilippinesNo
71%
countries in the Southern Hemisphere.PhilippinesNo
71%
countries in the Southern Hemisphere.SamoaYes
71%
countries in the Southern Hemisphere.TanzaniaYes
71%
countries with 200+ languages spokenVanuatuNo
71%
countries in the Southern Hemisphere.BoliviaYes
68%
countries in the Southern Hemisphere.MauritiusYes
68%
countries in the Southern Hemisphere.PeruYes
68%
countries in the Southern Hemisphere.SurinameNo
68%
countries bordering the Pacific Ocean.VietnamYes
68%
countries with a population over 150 million.EthiopiaNo
64%
countries with 200+ languages spokenRussiaNo
64%
countries in the Southern Hemisphere.Sri LankaNo
64%
countries with a population over 150 million.JapanNo
61%
countries with 200+ languages spokenPhilippinesNo
61%
countries bordering the Pacific Ocean.BruneiYes
57%
countries bordering the Pacific Ocean.HondurasYes
57%
countries in the Southern Hemisphere.ComorosYes
50%
countries with 200+ languages spokenDemocratic Republic of the CongoYes
50%
countries with 200+ languages spokenBrazilYes
46%
countries with 200+ languages spokenChinaYes
46%
countries with 200+ languages spokenIndonesiaYes
46%
countries with a population over 150 million.MexicoNo
46%
countries with a population over 150 million.RussiaNo
46%
countries with 200+ languages spokenUnited StatesYes
43%
countries bordering the Pacific Ocean.CambodiaYes
39%
countries with 200+ languages spokenIndiaNo
36%
countries with 200+ languages spokenNigeriaYes
36%
countries bordering the Pacific Ocean.NiueYes
36%
countries with 200+ languages spokenAustraliaYes
32%
countries with 200+ languages spokenCameroonYes
25%
countries with 200+ languages spokenMexicoYes
21%

Score Distribution

Percentile by Number Answered

Percent of People with Each Score

Your Score History

You have not taken this quiz since the last reset